MARC

LEADER 00000nam0a2200000 4500
001 373625
005 20231102012601.0
035 |a (RuTPU)RU\TPU\retro\31055 
035 |a RU\TPU\book\334819 
090 |a 373625 
100 |a 20221216d1977 km y0rusy5003 ca 
101 0 |a rus 
102 |a RU 
105 |a a z 001zy 
200 1 |a Стратиграфия палеозоя Южного Урала  |e сборник статей  |f Академия наук СССР (АН СССР), Башкирский филиал (БФ), Институт геологии (ИГ) ; под ред. Б. М. Юсупова 
210 |a Уфа  |c [Б. и.]  |d 1978 
215 |a 112 с.  |c ил. 
320 |a Библиогр. в конце ст. 
606 1 |a Палеозойские отложения  |2 stltpush  |3 (RuTPU)RU\TPU\subj\47983  |9 66866 
610 1 |a стратиграфия 
610 1 |a Южный Урал 
610 1 |a ордовик 
610 1 |a силур 
610 1 |a девон 
610 1 |a карбон 
610 1 |a пермь 
610 1 |a структурно-тектонические районы 
610 1 |a Предуралье 
610 1 |a субплатформенные фации 
610 1 |a распространение 
610 1 |a возраст 
610 1 |a разрезы 
610 1 |a биостратиграфия 
675 |a 551.73  |z rus  |v 3 
702 1 |a Юсупов  |b Б. М.  |g Белял Магтасимович  |4 340 
712 0 2 |a Академия наук СССР (АН СССР)  |b Башкирский филиал (БФ)  |b Институт геологии (ИГ)  |c (Уфа)  |c (1968-1988)  |2 stltpush  |3 (RuTPU)RU\TPU\col\10647 
801 0 |a RU  |b RuMRKP  |c 19950704  |g psbo 
801 1 |a RU  |b 63413507  |c 20151113 
801 2 |a RU  |b 63413507  |c 20221216  |g RCR 
942 |c BK